El declive del hombre público / (Record no. 186320)

MARC details
000 -LEADER
campo de control de longitud fija 00975nam a2200277 i 4500
001 - NÚMERO DE CONTROL
campo de control 186320
003 - IDENTIFICADOR DE NÚMERO DE CONTROL
campo de control SpMaBN
005 - FECHA Y HORA DE LA ÚLTIMA TRANSACCIÓN
campo de control 20251012195251.0
008 - DATOS DE LONGITUD FIJA--INFORMACIÓN GENERAL
campo de control de longitud fija 161024s2002 sp |||| | spa d
020 ## - NÚMERO INTERNACIONAL ESTÁNDAR DEL LIBRO
Número Internacional Estándar del Libro 84-8307-423-0
080 ## - NÚMERO DE LA CLASIFICACIÓN DECIMAL UNIVERSAL
Número de la Clasificación Decimal Universal 316.6"17/19"
100 1# - ENTRADA PRINCIPAL--NOMBRE DE PERSONA
Nombre de persona Sennett, Richard.
9 (RLIN) 105473
245 13 - MENCIÓN DEL TÍTULO
Título El declive del hombre público /
Mención de responsabilidad, etc. Richard Sennett ; traducción de Gerardo Di Masso.
250 ## - MENCION DE EDICION
Mención de edición 1ª ed. en esta colección.
260 ## - PUBLICACIÓN, DISTRIBUCIÓN, ETC.
Lugar de publicación, distribución, etc. Barcelona :
Nombre del editor, distribuidor, etc. Península,
Fecha de publicación, distribución, etc. 2002.
300 ## - DESCRIPCIÓN FÍSICA
Extensión 761 p. ;
Dimensiones 18 cm.
490 1# - MENCIÓN DE SERIE
Mención de serie Ediciones de bolsillo ;
Designación de volumen o secuencia 67/1
505 8# - NOTA DE CONTENIDO CON FORMATO
Nota de contenido con formato Contiene: ;
Título Yo acuso /
Mención de responsabilidad Émile Zola(
Información miscelánea p. 743-761)
650 07 - PUNTO DE ACCESO ADICIONAL DE MATERIA--TÉRMINO DE MATERIA
Término de materia o nombre geográfico como elemento de entrada Individuo y sociedad.
9 (RLIN) 178816
650 07 - PUNTO DE ACCESO ADICIONAL DE MATERIA--TÉRMINO DE MATERIA
Término de materia o nombre geográfico como elemento de entrada Interacción social.
9 (RLIN) 13869
700 12 - ENTRADA AGREGADA--NOMBRE PERSONAL
Nombre de persona Zola, Émile,
Fechas asociadas al nombre 1840-1902
9 (RLIN) 118331
700 1# - ENTRADA AGREGADA--NOMBRE PERSONAL
Nombre de persona Masso, Gerardo di,
Fechas asociadas al nombre 1949-
9 (RLIN) 151566
830 0# - PUNTO DE ACCESO ADICIONAL DE SERIE-TÍTULO UNIFORME
Título uniforme Ediciones de bolsillo ;
Designación de volumen o secuencia 67/1
9 (RLIN) 180756
852 ## - LOCALIZACIÓN
Ubicación ES-MaACL
Número de control de estantería L-30678
Nota libre . - Donat. Miguel A. Velasco
Holdings
Estatus retirado Estado de pérdida Estado de daño No para préstamo Biblioteca de origen Biblioteca actual Ubicación en estantería Fecha de adquisición Fuente de adquisición Total de préstamos Signatura topográfica completa Código de barras Visto por última vez Precio de reemplazo Tipo de ítem Koha
        Biblioteca del Ateneo de Madrid Biblioteca del Ateneo de Madrid Depósito 2 24/10/2016     L-30678 1196452 23/02/2023 23/02/2023 Libro impreso